00668nam a2200193Ia 4500001001000000003000500010008004100015010001100056040000900067100002400076245018500100260005200285300001000337440002600347650003100373650002700404700002000431700002300451Para_6810CHAP220125s1957 xx 000 0 und d a205606 cCHAP aOrtega C. Alejandro aLa araña roja del maíz (paratetranychus stickneyi McG) :b un estudio de su biología y combate en Jaloxtoc, Morelos /c Alejandro Ortega C., G. Mallory Boush y Douglas Barnes aMéxico :b SAG. Fundación Rockefeller, 1957 a28 p. aFolleto técnico; 21 aArañas x Jaloxtoc, Mor. aOligonychus mexicanus  aBarnes, Douglas aBoush, G. Mallory